Bakhtin and the human sciences : no last words / (Record no. 3045)

000 -LEADER
fixed length control field 01474cam a2200397 a 4500
001 - CONTROL NUMBER
control field 3563711
003 - CONTROL NUMBER IDENTIFIER
control field OSt
005 - DATE AND TIME OF LATEST TRANSACTION
control field 20160831103140.0
008 - FIXED-LENGTH DATA ELEMENTS--GENERAL INFORMATION
fixed length control field 980312s1998 enk b 001 0 eng d
010 ## - LIBRARY OF CONGRESS CONTROL NUMBER
LC control number 98060406
020 ## - INTERNATIONAL STANDARD BOOK NUMBER
International Standard Book Number 0761955291
020 ## - INTERNATIONAL STANDARD BOOK NUMBER
International Standard Book Number 0761955305 (pbk.)
035 ## - SYSTEM CONTROL NUMBER
System control number (OCoLC)40189873
035 ## - SYSTEM CONTROL NUMBER
System control number (III)iiio31361456
040 ## - CATALOGING SOURCE
Original cataloging agency MiU
Transcribing agency MiU
Modifying agency CU
-- NmU
-- DLC
042 ## - AUTHENTICATION CODE
Authentication code lccopycat
050 00 - LIBRARY OF CONGRESS CALL NUMBER
Classification number PG2947.B33 1998
082 00 - DEWEY DECIMAL CLASSIFICATION NUMBER
Classification number 801/.95/092
Edition number 21
100 ## - MAIN ENTRY--PERSONAL NAME
Personal name Bell, Michael Mayerfeld
245 00 - TITLE STATEMENT
Title Bakhtin and the human sciences : no last words /
Statement of responsibility, etc edited by Michael Mayerfeld Bell and Michael Gardiner.
246 30 - VARYING FORM OF TITLE
Title proper/short title No last words
260 ## - PUBLICATION, DISTRIBUTION, ETC. (IMPRINT)
Place of publication, distribution, etc London ;
-- Thousand Oaks, Calif. :
Name of publisher, distributor, etc Sage,
Date of publication, distribution, etc 1998.
300 ## - PHYSICAL DESCRIPTION
Extent x, 235 p. ;
Dimensions 24 cm.
490 1# - SERIES STATEMENT
Series statement Theory, culture & society
504 ## - BIBLIOGRAPHY, ETC. NOTE
Bibliography, etc Includes bibliographical references and index.
600 10 - SUBJECT ADDED ENTRY--PERSONAL NAME
Personal name Bakhtin, M. M.
Fuller form of name (Mikhail Mikhaĭlovich),
Dates associated with a name 1895-1975.
700 1# - ADDED ENTRY--PERSONAL NAME
Personal name Bell, Michael,
Dates associated with a name 1957-
700 1# - ADDED ENTRY--PERSONAL NAME
Personal name Gardiner, Michael,
Dates associated with a name 1961-
830 #0 - SERIES ADDED ENTRY--UNIFORM TITLE
Uniform title Theory, culture & society (Unnumbered)
856 42 - ELECTRONIC LOCATION AND ACCESS
Materials specified Publisher description
Uniform Resource Identifier <a href="http://www.loc.gov/catdir/enhancements/fy0656/98060406-d.html">http://www.loc.gov/catdir/enhancements/fy0656/98060406-d.html</a>
856 41 - ELECTRONIC LOCATION AND ACCESS
Materials specified Table of contents only
Uniform Resource Identifier <a href="http://www.loc.gov/catdir/enhancements/fy0656/98060406-t.html">http://www.loc.gov/catdir/enhancements/fy0656/98060406-t.html</a>
906 ## - LOCAL DATA ELEMENT F, LDF (RLIN)
a 7
b cbc
c copycat
d 2
e opcn
f 19
g y-gencatlg
942 ## - ADDED ENTRY ELEMENTS (KOHA)
Source of classification or shelving scheme
Koha item type Book

No items available.


Riara University Library,
P.O. Box 49940-00100,
Nairobi, Kenya.